MARC детайли
| 000 -Лидер |
| Контролно поле с фиксирана дължина |
02730nam a2200481 a 4500 |
| 003 - Код на организацията, давaща контролен номер |
| Контролно поле |
BLK |
| 005 - Дата и час на последна редакция |
| Контролно поле |
20250614103707.0 |
| 008 - Елементи от данни с фиксирана дължина |
| fixed length control field |
180409b bul|||||r ||||||| ||bul|| |
| 020 ## - Международен стандартен номер на книга ISBN |
| Международен стандартен номер на книга ISBN |
9545854766 |
| 040 ## - Източник на каталожния запис |
| Идентификатор на билиотеката - собственик на записа |
BLK |
| 041 ## - Код за език |
| Код за езика на текст/звукозапис или на отделно заглавие |
Български |
| Код за езика КДБФ |
Български |
| 080 ## - УДК |
| Текстов определител УДК |
Разпространяване на научните знания - популяризиране на науката, занимателна наука, учение за явленията научно необяснени, заблуждения и фалшификации, илюзии и др. п., секретност на научните знания |
| УДК код - определител по УДК |
001.9 |
| УДК - код + определител |
001.9 |
| 080 ## - УДК |
| Текстов определител УДК |
Есхатология (Наука за края на света). Антихрист. Смърт. Ад, Чистилище, Рай. Възкресение на мъртвите. Край на света. Страшният съд |
| УДК код - определител по УДК |
236 |
| УДК - код + определител |
236 |
| 080 ## - УДК |
| Текстов определител УДК |
Звезди и звездни системи. Вселена - Космически лъчи, междузвездно пространство, Галактика, Млечен път, космология, извънгалактически системи |
| УДК код - определител по УДК |
524 |
| УДК - код + определител |
524 |
| 080 ## - УДК |
| Текстов определител УДК |
Стара и антична история |
| УДК код - определител по УДК |
931 |
| УДК - код + определител |
931 |
| 100 1# - Редна дума - Автор |
| Автор |
Джерил, Патрик |
| Авторска отговорност |
първи автор |
| R(LIN) |
60809 |
| 139 ## - Редно поле |
| Редна дума |
Джерил, Патрик и др. |
| Авторски знак |
Джер - Д 51 |
| 245 10 - Сведения за заглавието |
| Заглавие |
Пророчеството "Орион" |
| Редно поле (дума) |
Патрик Джерил; съавт. Джино Ратинкс; прев. от англ. Маргарит Маргаритов Дамянов. |
| 257 ## - Страна на издаване |
| Страна на създаване/издаване |
Съединени американски щати |
| 260 ## - Област на издателските данни |
| Име на издателя, разпространителя и проч. |
Бард |
| Година на издаване |
2003 |
| Печатница |
Хасково : Полиграфюг |
| Място на издаване, разпространение и проч. |
София |
| 300 ## - Физическа характеристика |
| Страници |
270 с. |
| Илюстрации и др. |
с ил. |
| Размери/Мащаб |
21 см |
| 380 ## - Жанр |
| Жанр |
Общ отдел |
| 490 ## - СЕРИИ (Колекции) |
| Име на серия |
Поредица Загадки и мистерии |
| 500 ## - Общи забележки |
| Забележка |
Ориг. загл. The Orion prophecy / Patrick Geryl, Gino Ratinckx. |
| 650 #4 - Допълнително описание по предмет – тема |
| Основно описание – тема или топоним |
Атлантида |
| 9 (RLIN) |
147823 |
| 650 #4 - Допълнително описание по предмет – тема |
| Основно описание – тема или топоним |
Пророчества (рел.) |
| 9 (RLIN) |
168087 |
| 650 #4 - Допълнително описание по предмет – тема |
| Основно описание – тема или топоним |
Предсказания |
| 9 (RLIN) |
167581 |
| 650 #4 - Допълнително описание по предмет – тема |
| Основно описание – тема или топоним |
Природни бедствия |
| 9 (RLIN) |
260341 |
| 650 #4 - Допълнително описание по предмет – тема |
| Основно описание – тема или топоним |
История, стара |
| 9 (RLIN) |
245372 |
| 653 ## - Ключова дума – ненормативна |
| Ключова дума |
пророчества |
| 653 ## - Ключова дума – ненормативна |
| Ключова дума |
есхатология |
| 653 ## - Ключова дума – ненормативна |
| Ключова дума |
астрономия |
| 653 ## - Ключова дума – ненормативна |
| Ключова дума |
предсказания |
| 653 ## - Ключова дума – ненормативна |
| Ключова дума |
история |
| 700 1# - Други автори (авторска отговорност) |
| Лично име |
Ратинкс, Джино |
| Автороска отговорност (Описва отношението между автора и произведението) |
съавт. |
| 9 (RLIN) |
115350 |
| 700 1# - Други автори (авторска отговорност) |
| Лично име |
Дамянов, Маргарит Маргаритов |
| Автороска отговорност (Описва отношението между автора и произведението) |
прев. от англ. |
| 9 (RLIN) |
368565 |
| 852 ## - Местоположение |
| Форматна сигнатура |
Цб 216322 |
| Фондова буква |
Хранилище |
| 852 ## - Местоположение |
| Фондова буква |
Заемна - подръчен фонд |
| Систематично-азбучна сигнатура |
001.9/Д 51 П |
| 942 ## - АРТИКУЛИ |
| Вид на библиотечния материал |
Книги |
| Скрит в OPAC |
Не |
| Периодичен библиозапис |
Да |
| Koha issues (borrowed), all copies |
5 |
| 944 ## - СЪЗДАВАНЕ И РЕДАКЦИЯ на ЗАПИСА |
| Създаване/Редакция |
Създаване |
| Дата на регистрацията/редакция |
16.10.2003 |
| Служител, извършил регистрацията/редакцията |
30546 |
| Статус, дата на статуса |
Ренета Константинова |
| 944 ## - СЪЗДАВАНЕ И РЕДАКЦИЯ на ЗАПИСА |
| Създаване/Редакция |
Редакция |
| Дата на регистрацията/редакция |
2022-04-05 |
| Служител, извършил регистрацията/редакцията |
Кети |
| 999 ## - СИСТЕМНИ КОНТРОЛНИ НОМЕРА |
| Koha biblionumber |
103251 |
| Koha biblioitemnumber |
103251 |
| 999 ## - СИСТЕМНИ КОНТРОЛНИ НОМЕРА |
| Koha biblioitemnumber |
103251 |